Statistiques concernant Préjugés sur les Espagnols

Cliquez ici pour prendre le quiz!

Statistiques générales

  • Ce quiz a été pris 516 fois
  • Le résultat moyen est 8 sur 10

Statistiques - réponses

IndicesRéponses% Correct
Les Espagnols mangeraient de ce plat à base de riz jaune à tous les repas.Paëlla
96%
Il ferait toujours beau et très ... en Espagne.Chaud
93%
Les Espagnols ne perdraient pas une occasion de s'amuser et de faire la ...Fête
92%
Les Espagnols adoreraient tous voir des représentations de ce type de combat homme/animal.Corrida
88%
Tous les Espagnols feraient cela tous les jours, entre 14h et 16h.Sieste
85%
Ce tennisman serait le seul sportif Espagnol vraiment célèbre.Rafael Nadal
84%
Les Espagnols sauraient tous danser le ...Flamenco
79%
Tous les Espagnols ne la rateraient pour rien au monde, tous les dimanches.Messe
74%
Les Espagnols en boiraient souvent jusqu'à l'ivresse.Sangria
65%
Les Espagnols auraient tous la peau ... et les cheveux bruns.Mate
58%

Distribution des résultats

Percentile par nombre de réponses

% des personnes avec chaque résultat

Votre développement - résultats

Vous n’avez pas pris ce quiz